The Business of Sustainable Tourism Development and Management (Record no. 46574)
[ view plain ]
| 000 -LEADER | |
|---|---|
| fixed length control field | 00525nam a22001817a 4500 |
| 005 - DATE AND TIME OF LATEST TRANSACTION | |
| control field | 20260513170410.0 |
| 008 - FIXED-LENGTH DATA ELEMENTS--GENERAL INFORMATION | |
| fixed length control field | 260513b |||||||| |||| 00| 0 eng d |
| 020 ## - INTERNATIONAL STANDARD BOOK NUMBER | |
| International Standard Book Number | 9781138492165 |
| 041 ## - LANGUAGE CODE | |
| Language code of text/sound track or separate title | Eng |
| 082 ## - DEWEY DECIMAL CLASSIFICATION NUMBER | |
| Classification number | 910.68 SLO |
| 100 ## - MAIN ENTRY--PERSONAL NAME | |
| Author | Slocum, Susan L. |
| 245 ## - TITLE STATEMENT | |
| Title | The Business of Sustainable Tourism Development and Management |
| 260 ## - PUBLICATION, DISTRIBUTION, ETC. | |
| Place | London |
| Publisher | Routledge |
| Publication Year | 2020 |
| 300 ## - PHYSICAL DESCRIPTION | |
| Extent | 327;. P. 23 cm |
| 650 ## - SUBJECT ADDED ENTRY--TOPICAL TERM | |
| Subject | Sustainable tourism--Economic aspects; Tourism--Management |
| 700 ## - ADDED ENTRY--PERSONAL NAME | |
| Co-Author | Aidoo, Abena |
| 942 ## - ADDED ENTRY ELEMENTS (KOHA) | |
| Koha item type | Books |
| Withdrawn status | Lost status | Source of classification or shelving scheme | Damaged status | Not for loan | Home library | Current library | Shelving location | Accession Date | Vendor | Price | Bill number | Total Checkouts | Full call number | Barcode No | Date last seen | Discount | Cost, replacement price | Bill Date | Koha item type | Suggested By |
|---|---|---|---|---|---|---|---|---|---|---|---|---|---|---|---|---|---|---|---|---|
| Dewey Decimal Classification | IMTN | IMTN | Rack 43-B | 05/13/2026 | Raghav Books Private Limited | 5956.62 | 2630 | 910.68 SLO | 34041 | 05/13/2026 | 33 | 3990.94 | 04/30/2026 | Books | Recommended by Dr Veena Pailwar |